01506nam a2200349 a 4500001001200000003000800012006001900020007001500039008004100054010001700095020003100112020002800143020001800171040002100189035002100210050002200231082001500253111006800268245022300336260003800559300001500597490004300612504006800655533015200723600002800875655002900903700002100932700002500953710001700978830003500995856012601030ebr10234800CaPaEBRm u cr cn|||||||||061219s2007 ne sb 101 0deng d z 2006050023 z9789004151604 (alk. paper) z9004151605 (alk. paper) z9789047409724 aCaPaEBRcCaPaEBR a(OCoLC)29055874414aB298b.I58 2003eb04a182/.72222 aInternational Colloquium on Democritusd(2003 :cParis, France)10aDemocritush[electronic resource] :bscience, the arts, and the care of the soul : proceedings of the International Colloquium on Democritus, Paris, 18-20 September 2003 /cedited by Aldo Brancacci, Pierre-Marie Morel. aLeiden ;aBoston :bBrill,c2007. avi, 348 p.1 aPhilosophia antiqua,x0079-1687 ;v102 aIncludes bibliographical references (p. [293]-307) and indexes. aElectronic reproduction.bPalo Alto, Calif. :cebrary,d2013.nAvailable via World Wide Web.nAccess may be limited to ebrary affiliated libraries.00aDemocritusvCongresses. 7aElectronic books.2local1 aBrancacci, Aldo.1 aMorel, Pierre-Marie.2 aebrary, Inc. 0aPhilosophia antiqua ;vv. 102.40uhttp://site.ebrary.com/lib/rucke/Doc?id=10234800zAn electronic book accessible through the World Wide Web; click to view